Object-oriented programming with C++ (Record no. 386768)

MARC details
000 -LEADER
fixed length control field 00502 a2200181 4500
005 - DATE & TIME
control field 20250331150442.0
008 - FIXED-LENGTH DATA ELEMENTS--GENERAL INFORMATION
fixed length control field 250331b |||||||| |||| 00| 0 eng d
020 ## - ISBN
International Standard Book Number 9789332515833
Price Rs. 590.00
040 ## - CATALOGING SOURCE
Original cataloging agency VIVEKANANDA LIBRARY
082 ## - DDC NUMBER
Classification number 005.133
Book Number S23O
100 ## - MAIN ENTRY--PERSONAL NAME
Personal name Sharma, A K
245 ## - TITLE STATEMENT
Title Object-oriented programming with C++
260 ## - PUBLICATION, DISTRIBUTION, ETC. (IMPRINT)
Place of publication, distribution, etc Noida
Name of publisher, distributor, etc Pearson India Education Services
Date of publication, distribution, etc 2025
300 ## - PHYSICAL DESCRIPTION
Pages xii, 338
650 ## - Subject
Subject Computer Science
650 ## - Subject
Subject C++-Computer Programming Language
942 ## - ADDED ENTRY ELEMENTS (KOHA)
Koha item type Books
Holdings
Withdrawn status Lost status Source of classification or shelving scheme Damaged status Not for loan Location (home branch) Sublocation or collection (holding branch) Shelving location Date acquired Koha issues (times borrowed) Koha full call number Accession No. Koha date last seen Koha item type
    Dewey Decimal Classification     VIVEKANANDA LIBRARY VIVEKANANDA LIBRARY Vivekananda Library 06/03/2025   005.133 S23O 443165 06/03/2025 Books
    Dewey Decimal Classification     VIVEKANANDA LIBRARY VIVEKANANDA LIBRARY Vivekananda Library 06/03/2025   005.133 S23O 443166 06/03/2025 Books
    Dewey Decimal Classification     VIVEKANANDA LIBRARY VIVEKANANDA LIBRARY Vivekananda Library 06/03/2025 1 005.133 S23O 443164 12/05/2025 Books
© Designed and Maintained by Vivekananda Library, MDU Rohtak